| 000 | 00316nam a2200097Ia 4500 | ||
|---|---|---|---|
| 008 | 220204s9999 xx 000 0 und d | ||
| 082 |
_a058:339.94 _bDIR |
||
| 245 | 0 | _aDirectory of foreign investment and collaborators approved in India in 1998 and 1999 | |
| 260 |
_aNew Delhi _bCentre of Publications _c1999 |
||
| 942 | _cBK | ||
| 999 |
_c41764 _d41764 |
||